000 00437nam a22001817a 4500
003 CEME
005 20210628202542.0
008 210122b xxu||||| |||| 00| 0 eng d
020 _a81-219-0135-9
040 _c.
082 _a532 KHU
100 _aKhurmi, R.S
_924542
245 _aA textbook of hydraulics
260 _aNEW DELHI
_bS.CHAND
_c2004
300 _a416 P
650 _aTEXTBOOK OF HYDRAULICS
_960448
942 _cBK
_2ddc
999 _c570162
_d570162